| 000 | 00794nam a2200229Ia 4500 | ||
|---|---|---|---|
| 003 | GCL | ||
| 008 | 140319s9999 xx 000 0 ara d | ||
| 020 | _a8777900977 | ||
| 040 |
_aGCL / _cGCL |
||
| 082 | 0 | 4 |
_a070.172 _bش ا |
| 100 | 1 | _aخليل صابات | |
| 245 | 1 | 0 |
_aاخبار اليوم مسيرة صحفية فى نصف قرن : _bدراسة اكاديمية / _cخليل صابات |
| 700 | 1 | _aشريف درويش اللبان | |
| 260 |
_aالقاهرة : _bالعربى للنشر والتوزيع ، _c1994 |
||
| 300 |
_a198 ص ؛ _c24 سم |
||
| 490 |
_aدراسات فى الاعلام _v0 |
||
| 650 | 0 | 4 | _aالاعلان بالصحف |
| 650 | 0 | 4 | _aالصحف |
| 650 | 0 | 4 | _aالصحف المصرية |
| 650 | 0 | 4 | _aاخبار اليوم ( صحيفة ) |
| 942 |
_2ddc _cBK |
||
| 999 |
_c47983 _d47983 |
||